<?xml version="1.0" encoding="UTF-8"?>
<record
    xmlns:xsi="http://www.w3.org/2001/XMLSchema-instance"
    xsi:schemaLocation="http://www.loc.gov/MARC21/slim http://www.loc.gov/standards/marcxml/schema/MARC21slim.xsd"
    xmlns="http://www.loc.gov/MARC21/slim">

  <leader>00523cam a2200193   4500</leader>
  <controlfield tag="001">8118</controlfield>
  <controlfield tag="005">20250411151116.0</controlfield>
  <controlfield tag="008">070402s2007   </controlfield>
  <datafield tag="010" ind1=" " ind2=" ">
    <subfield code="a">  2007013900</subfield>
  </datafield>
  <datafield tag="082" ind1="0" ind2="0">
    <subfield code="a">618.920</subfield>
  </datafield>
  <datafield tag="100" ind1=" " ind2=" ">
    <subfield code="a">Pinniger,Rachel.</subfield>
  </datafield>
  <datafield tag="245" ind1="0" ind2="0">
    <subfield code="a">Child Health Manual /</subfield>
    <subfield code="c">a hand book for health workers.</subfield>
  </datafield>
  <datafield tag="260" ind1=" " ind2=" ">
    <subfield code="a">Royal Institute of Health Sciences ;</subfield>
    <subfield code="a">Bhutan:</subfield>
  </datafield>
  <datafield tag="300" ind1=" " ind2=" ">
    <subfield code="a">360p.,  :</subfield>
    <subfield code="b">ill. (some col.) ;</subfield>
    <subfield code="c">28 cm.</subfield>
  </datafield>
  <datafield tag="440" ind1=" " ind2=" ">
    <subfield code="a">Child Health Manual</subfield>
  </datafield>
  <datafield tag="650" ind1="1" ind2="2">
    <subfield code="v">Handbooks.</subfield>
  </datafield>
  <datafield tag="700" ind1="1" ind2=" ">
    <subfield code="a">Rimmer, Myfanwy.</subfield>
  </datafield>
  <datafield tag="942" ind1=" " ind2=" ">
    <subfield code="2">ddc</subfield>
    <subfield code="c">MAIN</subfield>
  </datafield>
  <datafield tag="999" ind1=" " ind2=" ">
    <subfield code="c">10216</subfield>
    <subfield code="d">10217</subfield>
  </datafield>
  <datafield tag="952" ind1=" " ind2=" ">
    <subfield code="0">0</subfield>
    <subfield code="1">0</subfield>
    <subfield code="2">ddc</subfield>
    <subfield code="4">0</subfield>
    <subfield code="7">0</subfield>
    <subfield code="a">RTCLIB</subfield>
    <subfield code="b">RTCLIB</subfield>
    <subfield code="c">MAIN</subfield>
    <subfield code="d">2025-04-11</subfield>
    <subfield code="i">19278</subfield>
    <subfield code="l">0</subfield>
    <subfield code="o">618.920 PIN</subfield>
    <subfield code="p">30020496</subfield>
    <subfield code="r">2025-04-11 00:00:00</subfield>
    <subfield code="w">2025-04-11</subfield>
    <subfield code="y">MAIN</subfield>
    <subfield code="z">Donated by Ms. Sonam Pelden</subfield>
  </datafield>
</record>
